000 00471nam a22001577a 4500
005 20180824122606.0
008 120209t xxu||||| |||| 00| 0 eng d
020 _a8120318080
_c395.00
035 _aB-41453, B-041455
040 _aDPL
_bENG
100 _aPowell, Keith A
_941398
245 _aMicrosoft TCP/IP: for Windows 2000/
_cby Keith A Powell
260 _aNew Delhi
_bPHI
_c2000
300 _axxiv, 529p.
_c23cms
942 _2ddc
_cEN
_h005.43
_mPOW
999 _c62436
_d62436